Geography Quiz

Random Geography or State Quiz

States Abbreviations Quiz Stats

 Plays Quiz Updated Mar 18, 2020

     
Support Sporcle.
Go Orange.
Score 0/50 Timer 02:00
98 Plays Today
State -- % Correct
AlabamaAL
98.7%
CaliforniaCA
97.5%
ArizonaAZ
97.4%
AlaskaAK
97.2%
ColoradoCO
97.2%
FloridaFL
96.6%
DelawareDE
96.1%
ArkansasAR
96%
ConnecticutCT
95.8%
HawaiiHI
95.4%
IdahoID
95.4%
GeorgiaGA
95.2%
IllinoisIL
95.2%
IndianaIN
94.8%
IowaIA
93.4%
KansasKS
93.3%
KentuckyKY
91.3%
LouisianaLA
90.4%
MaineME
89.9%
MarylandMD
87.7%
MassachusettsMA
87.3%
MichiganMI
86.9%
MinnesotaMN
85.5%
MississippiMS
85%
MissouriMO
82.5%
State -- % Correct
MontanaMT
81.6%
NebraskaNE
79.8%
NevadaNV
79%
New HampshireNH
78.5%
New JerseyNJ
77.9%
New MexicoNM
77.3%
New YorkNY
76.7%
North CarolinaNC
75.9%
North DakotaND
75.1%
OhioOH
74%
OklahomaOK
73%
OregonOR
71.9%
PennsylvaniaPA
67.6%
Rhode IslandRI
67.1%
South CarolinaSC
66.1%
South DakotaSD
65.2%
TennesseeTN
63.3%
TexasTX
62%
UtahUT
60.7%
VermontVT
57.6%
VirginiaVA
54.3%
WashingtonWA
53.1%
West VirginiaWV
51.8%
WisconsinWI
50%
WyomingWY
49.1%

From the Vault

7 to 1: Female Artists Top 5 Hits

by DesertSpartan

Music 5m
These artists have made histoRIH.
Remove Ads.
Support Sporcle.
Get the best of Sporcle when you Go Orange. This ad-free experience offers more features, more stats, and more fun while also helping to support Sporcle. Thank you for becoming a member.

Show Comments

Extras

Top Quizzes Today


Score Distribution

Your Account Isn't Verified!

In order to create a playlist on Sporcle, you need to verify the email address you used during registration. Go to your Sporcle Settings to finish the process.

Report this User

Report this user for behavior that violates our Community Guidelines.

Details: